| 000 | 00443cam a2200181ua 4500 | ||
|---|---|---|---|
| 020 | _c29.50 | ||
| 041 |
_aeng _h |
||
| 082 |
_a535.2 _bCON/AP |
||
| 100 | _aConrady, A E . | ||
| 245 |
_aApplied optics and optical design / _cA E Conrady. _hTextual Documents |
||
| 250 |
_a1 / _b. |
||
| 260 |
_aNew York : _bDover Publications , _c1957. |
||
| 300 | _a533 ; . | ||
| 365 | _a29.50 | ||
| 504 | _a | ||
| 942 | _cBK | ||
| 999 |
_c8573 _d8573 |
||